Chile: su tierra y su gente

Gespeichert in:
Bibliographische Detailangaben
1. Verfasser: McBride, Jorge M. (autor)
Format: Buch
Sprache:Spanisch
Veröffentlicht: Santiago ICIRA 1973
Ausgabe:2a. ed
Schlagworte:
Tags: Tag hinzufügen
Keine Tags, Fügen Sie den ersten Tag hinzu!

MARC

LEADER 00000nam a2200000 a 4500
001 UCU1869
003 CL-VaPUC
008 960419e19730300CL |||||||||||||||||spa|d
082 0 4 |a 330.980  |b MCB  |2 21 
100 |a McBride, Jorge M.  |e autor  |9 357659 
245 1 0 |a Chile: su tierra y su gente 
250 |a 2a. ed 
300 |a 308 p 
942 |c BK 
945 |d 19960419 00:00:00  |a cmena 
260 |a Santiago  |b ICIRA  |c 1973 
650 0 |a Geografía económica   |9 267757 
650 7 |a GEOGRAFIA AGRICOLA  |2 CL-VaPUC  |9 264410 
650 0 |a REFORMA AGRARIA  |9 256789 
650 0 |a Economía   |9 255568 
651 7 |a CHILE  |2 CL-VaPUC  |9 357660 
583 |a last modification  |c 19960419 00:00:00  |k Rodrigo Vera 
999 |c 246336  |d 246334 
952 |0 0  |1 0  |4 0  |6 330_980000000000000_MCB_1973  |7 0  |8 A  |9 261227  |a BIBING  |b BIBING  |d 2019-11-19  |i 2017113  |o 330.980 MCB 1973  |p 2017113  |r 2025-01-20  |w 2019-11-19  |y BK  |k GEO 
952 |0 0  |1 0  |4 0  |6 330_980000000000000_MCB_1973  |7 0  |8 A  |9 261228  |a BIBHIS  |b BIBHIS  |d 2019-11-19  |i 1365339  |l 1  |o 330.980 MCB 1973  |p 1365339  |r 2025-01-20  |s 2021-06-17  |w 2019-11-19  |y BK  |k HIS 
952 |0 0  |1 0  |4 0  |6 330_980000000000000_MCB_1973  |7 0  |8 A  |9 261229  |a BIBHIS  |b BIBHIS  |d 2019-11-19  |i 1365347  |o 330.980 MCB 1973  |p 1365347  |r 2025-01-20  |w 2019-11-19  |y BK  |k HIS